Najpopularniejsze numery rapowe/trapowe tygodnia. 11-17.12 - Statystyki

Ogólne statystyki
  • Ten quiz został rozwiązany 12 razy
  • Średni wynik to 17 z 30
Statystyki odpowiedzi
Wykonawca Wyświetlenia Utwór % Poprawnych
Guzior feat. Oskar83 2.34M FALA
92%
Wiatr feat. Sobel, Be Vis 1.29M Testarossa
92%
Guzior 1.11M TRAPSTAR
92%
Guzior 2.41M BLUEBERRY
83%
Quebonafide feat. Daria Zawiałow 568K BUBBLETEA
83%
Alberto 615K Dwutakt
83%
Kubańczyk 1.16M Lady Pank 2
83%
ReTo 625K Billy Kid
75%
Guzior feat. Kukon 931K BOILER ROOM
75%
Favst x Gibbs feat. Kukon 519K halo
75%
Kabe 1.57M Nad ranem
75%
Żabson feat. Young Leosia, Beteo, Borucci 443K ULALA
75%
Sobel 658K Impreza
67%
Wac Toja 688K Kapitan
67%
Kali x Major 703K Mona Lisa
67%
chillwagon 1.15M jeden jeden
58%
Pezet feat. Kayah 646K Nisko jest niebo
58%
Guzior 595K KUSHKOMA
50%
Masno feat. Hellfield 578K MAMALE
42%
Szpaku feat. Zdechły Osa 1.54M Zły
42%
Kali x Major feat. Kabe, Żabson 484K 6 6 6
33%
Kabe 523K FEFE
33%
Kizo feat. Trill Pem 788K Fitness
33%
Masno 718K OMAMA
33%
Syberia Tdw 584K Tango
33%
Kali x Major feat. Kamelito, Intruz, Dedis, Dawid Obserwator 881K Fuck System
25%
Florek feat. Młodypago, Piluś 1.29M Buzi
17%
Sobel feat. Michał Szczygieł 527K Daj Mi Znać
17%
chillwagon 488K poyebane
17%
Kali x Major feat. Malik Montana, Josef 569K Echo
8%
Nie znaleziono quizów pasujących do podanych kryteriów
Rozkład punktacji
Procent ludzi z każdym wynikiem
Percentyl według liczby udzielonych odpowiedzi
Twoja historia wyników
Nie rozwiązałeś tego quizu